00400 2200157 4500245006100000020002200061250001000083100001600093650001100109005001900120260004200139041001400181084001200195300002600207336000900233 aMerekam Jejak Teror Isis di IndonesiacIksan MaharhText a978-623-346-588-5 aCet.1 aIksan Mahar aSosial a20241017091328 aJakartabKompas Media Nusantarac2022 aIndonesia a303.625 axiv, 186 hlm :c21 cm atext